| 000 | 00886cam a2200277 a 4500 | ||
|---|---|---|---|
| 001 | 2710 | ||
| 005 | 20241119094205.0 | ||
| 020 | _a0763626899 (alk. paper) | ||
| 040 |
_aDLC _cDLC _dDLC _beng |
||
| 050 | 0 | 0 |
_aPZ7.K975 _bZen 2006 |
| 082 | 0 | 0 |
_a813.6 _222 |
| 100 | 1 | _aKvasnosky, Laura McGee | |
| 245 | 1 | 0 |
_aZelda and Ivy : _bthe runaways / _c Laura McGee Kvasnosky |
| 250 | _aFirst paperback edition 2007 | ||
| 260 |
_aCambridge : _bCandlewick Press, _c2006 |
||
| 300 |
_a42 pages ; _c24 cm |
||
| 490 |
_aZelda and Ivy ; _vBook 4 |
||
| 505 | _aK | ||
| 520 | _aIn three short stories, two fox sisters run away from home, bury a time capsule, and take advantage of some creative juice. | ||
| 521 |
_a540 _bLexile |
||
| 521 |
_aK _bRaz-Plus |
||
| 650 | 1 |
_aFoxes _vFiction. |
|
| 650 | 1 |
_aSisters _vFiction. |
|
| 906 |
_a7 _bcbc _corignew _d1 _eocip _f20 _gy-gencatlg |
||
| 942 |
_2ddc _cBK _n0 |
||
| 999 |
_c2710 _d2710 |
||